| 000 | 00426nam a2200145 a 4500 | ||
|---|---|---|---|
| 005 | 20140412111416.0 | ||
| 008 | 070828s19uu xx 00 eng d | ||
| 020 | _a81-207-2821-1 | ||
| 050 |
_aER _bBa23 2004 |
||
| 245 | _aBarbie: My First Day at Pre-School. | ||
| 260 |
_aNew Delhi : _bMattel, Inc, _c2004. |
||
| 300 | _a1 v. (unpaged) | ||
| 520 | _aA little girl is nervous about her first day at school. | ||
| 999 |
_c105845 _d105845 |
||